Historia, memoria y narración

Sparad:
Bibliografiska uppgifter
Huvudupphovsmän: Corti Badía, Paola (Författare, medförfattare), Widow Lira, José Luis (Författare, medförfattare)
Övriga upphovsmän: Moreno Jeria, Rodrigo (autor)
Materialtyp: Bok
Språk:spanska
Publicerad: Viña del Mar Ediciones Altazor 2011
Ämnen:
Taggar: Lägg till en tagg
Inga taggar, Lägg till första taggen!

MARC

LEADER 00000cam a2200000 a 4500
001 UCF3250
003 CL-VaPUC
005 20230317132337.0
008 121004e20110000cl 1 spa d
020 |a 9789567472901 
082 0 4 |a 901  |b COR  |2 21 
100 1 |a Corti Badía, Paola  |e author  |9 621931 
700 |a Moreno Jeria, Rodrigo  |e autor  |9 868197 
700 1 |a Widow Lira, José Luis  |e author  |9 621933 
245 1 0 |a Historia, memoria y narración 
260 |a Viña del Mar  |b Ediciones Altazor  |c 2011 
300 |a 394 p 
583 |a last modification  |c 20121010 10:34:33  |k Rodrigo Vera 
650 0 0 |a Filosofía de la historia  |9 265651 
650 0 0 |a Memoria histórica   |9 431578 
650 0 0 |a Escatología  |9 314395 
942 |c BK 
945 |a dcastane  |d 20121004 00:00:00 
546 |a En Español 
536 |a Universidad Adolfo Ibáñez 
518 |p Jornadas Internacionales de Teoría y Filosofía de la Historia, 4, Chile, 25 y 28 de agosto de 2009 
999 |c 384704  |d 384702 
952 |0 0  |1 0  |4 0  |6 901_000000000000000_COR_2011  |7 0  |8 A  |9 507622  |a BIBEDU  |b BIBEDU  |d 2020-01-23  |i 4911407  |l 3  |m 2  |o 901 COR 2011  |p 4911407  |r 2024-11-04  |s 2024-10-16  |w 2020-01-23  |y BK  |k CUE 
952 |0 0  |1 0  |4 0  |6 901_000000000000000_COR_2011  |7 0  |8 A  |9 507623  |a BIBING  |b BIBING  |d 2020-01-23  |i 4911547  |o 901 COR 2011  |p 4911547  |r 2025-01-20  |w 2020-01-23  |y BK  |k CUI 
952 |0 0  |1 0  |4 0  |6 901_000000000000000_COR_2011  |7 0  |8 C  |9 507624  |a BIBCUR  |b BIBCUR  |d 2020-01-23  |i 4911792  |o 901 COR 2011  |p 4911792  |r 2025-04-22  |w 2020-01-23  |y BK  |k CAC